000 00473nmm a2200169Ia 4500
008 251105s9999||||xx |||||||||||||||||und||
020 _a9789502346458
041 _aspa
100 _aRapisardi, Flavio
245 0 _aPara animarse a leer a Descartes
264 _a[Buenos Aires, Argentina] :
_bEudeba,
_c2015
300 _a70 páginas
490 _aCuadernos
650 _aPhilosophy, Ethics
856 _uhttps://public.digitaliapublishing.com/a/128294
942 _cCF
999 _c93344
_d93344